Numbers of Factors 1-100 - Statistics

General Stats
  • This quiz has been taken 432 times
  • The average score is 64 of 100
Answer Stats
Number # of Factors % Correct
1 1
100%
2 2
100%
3 2
95%
4 3
95%
5 2
94%
6 4
93%
7 2
92%
11 2
90%
9 3
90%
8 4
90%
10 4
90%
12 6
89%
13 2
88%
14 4
87%
15 4
86%
17 2
85%
19 2
85%
16 5
85%
18 6
84%
23 2
83%
21 4
83%
20 6
83%
22 4
82%
25 3
81%
29 2
80%
31 2
80%
27 4
80%
24 8
80%
26 4
79%
28 6
79%
30 8
78%
37 2
77%
33 4
77%
32 6
77%
34 4
76%
35 4
76%
41 2
74%
43 2
74%
47 2
73%
39 4
73%
36 9
73%
38 4
72%
44 6
70%
40 8
70%
42 8
70%
53 2
69%
46 4
69%
45 6
69%
49 3
68%
59 2
67%
48 10
66%
61 2
66%
51 4
66%
50 6
66%
55 4
63%
52 6
63%
67 2
62%
57 4
62%
54 8
62%
58 4
61%
56 8
61%
71 2
60%
60 12
58%
62 4
58%
63 6
57%
64 7
56%
73 2
55%
65 4
55%
66 8
53%
79 2
52%
83 2
51%
69 4
50%
68 6
50%
70 8
48%
77 4
47%
89 2
46%
74 4
46%
75 6
46%
72 12
44%
81 5
44%
76 6
44%
80 10
42%
78 8
42%
97 2
40%
82 4
40%
85 4
39%
87 4
38%
84 12
35%
86 4
35%
91 4
34%
88 8
34%
93 4
33%
90 12
31%
92 6
30%
94 4
29%
95 4
29%
99 6
29%
100 9
29%
96 12
26%
98 6
26%
No matching quizzes found
Score Distribution
Percent of People with Each Score
Percentile by Number Answered
Your Score History
You have not taken this quiz